000 00529nam a2200181Ia 4500
008 240729s9999 xx 000 0 und d
022 _a2036-2579
245 0 _aHeart International
260 _aUnited Kingdom
260 _bTouch Medical Media
650 _a Diseases of the circulatory (Cardiovascular) system
650 _a Internal medicine
650 _a Specialties of internal medicine
650 _aMedicine
856 _uhttps://doaj.org/toc/371b0bdb72d24f37ad466c4b6abdbd6d
942 _2ddc
942 _cDOAJEJ
999 _c71075
_d71075
945 _a1
_bMadushi Gamage
_c1
_dMadushi Gamage